Normal view
MARC view
- Nano Sciences and Engineering MS-Thesis.
Entry Topical Term
001 - CONTROL NUMBER
- control field: 28363
003 - CONTROL NUMBER IDENTIFIER
- control field: NUST
005 - DATE AND TIME OF LATEST TRANSACTION
- control field: 20200208204316.0
008 - FIXED-LENGTH DATA ELEMENTS
- fixed length control field: 200208|| aca||aabn | a|a d
040 ## - CATALOGING SOURCE
- Original cataloging agency: NUST
- Transcribing agency: NUST
150 ## - HEADING--TOPICAL TERM
- Topical term or geographic name entry element: Nano Sciences and Engineering MS-Thesis.
670 ## - SOURCE DATA FOUND
- Source citation: Work cat.: (NUST): Ali, Usman 18496, Synthesis & Characterization and Dielectric studies of Metal Doped ZnO Nanoparticles /, 2016.
